000 00458nam a2200181Ia 4500
001 11385
005 20260306162824.0
008 260306t1970||||xx |||||||||||||| ||spa||
041 _aESP
082 _a985.04
_bI49 1970
100 _aComisión Nacional del Sesquicentenario de la Independencia del Perú
_eAUT
245 0 _aLa independencia nacional
260 _c1970
300 _a
_c
650 _aGEN
654 _aCHU
942 _cLIB
_dJUS
_fJUS
_2ddc
_n
999 _c11385
_d11385